History Decoder - Statistics

General Stats
  • This quiz has been taken 1,332 times
  • The average score is 19 of 26
Answer Stats
Hint Answer % Correct
T Ship said to be "unsinkable", yet sunk on its maiden voyage Titanic
98%
E Queen of England who was entertained by Shakespeare's plays Elizabeth I
93%
A Jewish girl who kept a diary during World War Two Anne Frank
92%
N River that sustained the Ancient Egyptians Nile
92%
O Islamic clan occupying present-day Turkey until 1924 {Ottoman} Empire
91%
I Civilization that built Machu Picchu Inca
90%
S Massachusetts town where many were accused of witchcraft in 1692 Salem
90%
O Drug that ultimately led to two wars in China Opium
89%
T The group that seized power over Afghanistan in 1996 Taliban
87%
E Tower built in Paris in 1889 of wrought iron Eiffel Tower
85%
I Period when human labor largely changed to machine labor Industrial Revolution
85%
V Longest reigning British monarch until 2015 Victoria
85%
N Emperor of France from 1801-1814, waged wars in much of Europe Napoleon
81%
D The first US state Delaware
75%
N Roman emperor said to have lit Christians on fire at night to light his garden. Nero
75%
M Research project that formed the first nuclear bombs in World War Two Manhattan Project
73%
G US military prison located in Cuba Guantanamo Bay
72%
S The main governing body of the Roman Republic Senate
71%
A Greek philosopher who thought that flies have four legs Aristotle
64%
F Social system where the king lent land to the nobles in exchange for military protection Feudalism
64%
U Interovernmental organization to promote international cooperation United Nations
63%
L French king who reigned for 72 years Louis XIV
59%
R Often considered the bridge between the Middle Ages and modern history Renaissance
56%
Lost time is never found again
44%
E Invented cure for smallpox in 1793 Edward Jenner
30%
I Indian nation that sided with the British in the French and Indian War {Iroquois} Confederacy
28%
No matching quizzes found
Score Distribution
Percent of People with Each Score
Percentile by Number Answered
Your Score History
You have not taken this quiz